000 00575nam a22002297a 4500
005 20250520080808.0
008 250520b |||||||| |||| 00| 0 eng d
020 _a978-93-5540-803-7
_c450.00
040 _aMAIN
041 _aeng
082 _a657
_bJAI
100 _aJain, S. P.
245 _aFinancial Accounting
260 _aLudhiana
_bKalyani Publishers
_c2023
300 _ax, 602 p. ;
_c20 x 30 cm
505 _aNEP
650 _aAcconting and Finance
700 _bNarang, K. L.
700 _bAgarwal, Simmi
700 _bSehgal, Monika
942 _2ddc
_cBK
999 _c15753
_d15753